Представление документа в формате MARC21

Поле Инд. ПП Название Значение
Тип записи a
Библиографический уровень m
001 Контрольный номер RU/LIBMSTU/264614591
005 Дата корректировки 20140505123504.3
020 00 a ISBN 5-224-03767-0
c Цена, тираж 550-00
084 a Индекс другой классификации/Индекс ББК Сб+63.3(2)-7
090 00 a Полочн. индекс Сб
x Авторский знак Б 69
245 00 a Заглавие Блистательный Санкт-Петербург
c Ответственность сост. В. А. Десятников, Т. А. Соколова
260 00 a Место издания Москва
b Издательство Олма-Пресс
c Дата издания 2003
300 00 a Объем 926 с.
b Иллюстрации/ тип воспроизводства ил.
650 _4 a Основная рубрика Санкт-Петербург-Культура-История
651 a Географическое наименование Санкт-Петербург
653 00 a Ключевые слова История культуры
a Ключевые слова Русская культура
990 00 f Даты поступлений (DOS) 12.04